Droga, apriamo gli occhi (Record n. 360111)
[ formato base ]
| 000 -LEADER | |
|---|---|
| campo di controllo lung. fissa | 00994nam a22002177a 4500 |
| 003 - Identificatore del numero di controllo | |
| campo di controllo | IT-MiCISF |
| 005 - Data e orario dell'ultima transazione | |
| campo di controllo | 20240605110332.0 |
| 008 - Elementi di lunghezza fissa--Informazione generale | |
| campo di controllo lung. fissa | 240605b |||||||| |||| 00| 0 eng d |
| 040 ## - Fonte della catalogazione | |
| Agenzia che fa la trascrizione | IT-MiCISF |
| 041 ## - Codice di lingua | |
| Codice di lingua del testo/traccia sonora o titolo separato | it |
| 100 ## - Accesso principale -- nome di persona | |
| Nome di persona | Dioguardi Ilaria (et al.) |
| 9 (RLIN) | 60763 |
| 245 ## - Formulazione del titolo | |
| Titolo | Droga, apriamo gli occhi |
| 250 ## - Formulazione di edizione | |
| Formulazione di edizione | "Vita", n. 4, aprile |
| 260 ## - Pubblicazione, distribuzione, ecc. (stampa) | |
| Data di pubblicazione, distribuzione, ecc. | 2024 |
| 300 ## - Descrizione fisica | |
| Estensione | pp. 19-76 |
| 500 ## - Nota generale | |
| Nota generale | tossicodipendenza, adolescenza, giovani, servizi, associazioni, società, esperienze |
| 650 ## - Accesso aggiunto di soggetto--termine topico | |
| Termine topico o nome geografico come accesso | Emarginazione / devianza |
| 654 ## - Accesso aggiunto di soggetto--termini topici faccettati | |
| Termine principale | dossier |
| 700 ## - Accesso aggiunto--nome di persona | |
| Nome di persona | Riva M., Squillaci L., Sciortino B., Grosso L., Mazzi A., Lucchini A., Molinari P. |
| -- | Sciortino G., Gatti R., Kelsay J., Feder S., Carpentieri G., Cicchi F., Cappella M., |
| -- | Gallizzi R., Arcidiacono L., Cibin M., Rocca N., Ghidini G., Martellozzo A., |
| -- | Peri G. Di Cintio V., Bernardini L., Taverna F., Cornaggia C., Salvati G., Ferrari M., |
| -- | Palmieri C., Maggiolini A., Laffi S., Petrolini V., Lembke A. |
| 9 (RLIN) | 60764 |
| 942 ## - Dati aggiuntivi (Koha) | |
| Fonte della classificazione o dello schema di collocazione (segnatura) | Dewey Decimal Classification |
| Tipo copia default (Koha) | RIVISTA |
| Ritirato (status) | Perso (status) | Fonte della classificazione o dello schema di collocazione (segnatura) | Danneggiato (status) | Non per il presito | Biblioteca proprietaria | Biblioteca in cui si trova | Data d'acquisizione | Totale prestiti | Collocazione | Data ultima operazione | Prezzo in vigore dal | Tipo copia default (Koha) |
|---|---|---|---|---|---|---|---|---|---|---|---|---|
| Dewey Decimal Classification | Buone Condizioni | Not For Loan | CISF - Milano | CISF - Milano | 05/06/2024 | DG122 | 05/06/2024 | 05/06/2024 | RIVISTA |